[Event "34th Chess Olympiad (men)"]
[Site "Istanbul"]
[Date "2000.11.05"]
[Round "8.43.3"]
[White "Ferreira, Oscar"]
[Black "Al Rakib, Abdullah"]
[WhiteElo "2266"]
[BlackElo "2386"]
[WhiteCountry "PAR"]
[BlackCountry "BAN"]
[Result "1/2-1/2"]

1. Nf3 d5 2. g3 c6 3. Bg2 Bg4 4. O-O Nd7 5. d3 Ngf6 6. Nbd2 e6 7. e4 Be7 
8. h3 Bh5 9. Qe1 O-O 10. b3 Bb4 11. g4 dxe4 12. dxe4 Bg6 13. Qe3 Qb6 
14. Qe2 Bc3 15. Ba3 Bxa1 16. Bxf8 Rxf8 17. Rxa1 Qc5 18. Ne1 h5 19. Nc4 hxg4 
20. hxg4 b5 21. Nd2 Ne5 22. Bf3 Nxf3+ 23. Qxf3 Qe5 24. Rd1 Nxg4 25. Qxg4 Bh5 
26. Ndf3 Bxg4 27. Nxe5 Bxd1 28. Nxc6 Kh7 29. Nxa7 Ra8 30. Nxb5 Rxa2 31. Nc3 Ra1 
32. Nxd1 Rxd1 33. Kf1 Rd2 34. f3 g5 35. b4 Rd4 36. Nd3 Rc4 37. Ne5 Rxc2 
38. Nxf7 Kg6 39. Ne5+ Kf6 40. Nd3 Rd2 41. Nc5 Ke5 42. Ke1 Rd6 43. Ke2 Kd4 
44. Nd3 Ra6 45. Nc5 Rb6 46. Kf2 g4 47. fxg4 e5 48. Kf3 Rxb4 49. Ne6+ Kc4 
50. g5 Rb6 51. Nf8 Kd4 52. Nd7 Rg6 53. Kg4 Kxe4 54. Nf6+ Kd4 55. Kf5 Rg7 
56. g6 Ra7 57. Nh5 e4 58. g7 Ra8 59. Nf4 Rg8 
1/2-1/2

[Event "34th Chess Olympiad (men)"]
[Site "Istanbul"]
[Date "2000.11.05"]
[Round "8.43.4"]
[White "Hossain, Rajib"]
[Black "Cubas, Jose Fernando"]
[WhiteElo "2314"]
[BlackElo "2247"]
[WhiteCountry "BAN"]
[BlackCountry "PAR"]
[Result "1-0"]

1. e4 c5 2. Nf3 d6 3. c3 Nf6 4. Be2 Nc6 5. d4 cxd4 6. cxd4 d5 7. e5 Ne4 
8. Nc3 e6 9. O-O Be7 10. Bd3 Nxc3 11. bxc3 O-O 12. Qc2 h6 13. Qe2 Qa5 
14. Bd2 Bd7 15. Rfb1 Qc7 16. Bc2 f5 17. exf6 Rxf6 18. Ne5 Raf8 19. Ng4 Nxd4 
20. cxd4 Qxc2 21. Rxb7 Qc6 22. Rab1 Rf5 23. Ne5 Qc2 24. Rf1 Bh4 25. g3 Bc8 
26. Rxa7 Bf6 27. Rc1 Qb2 28. Nd3 Qb6 29. Rac7 Ba6 30. R7c6 Qxd4 31. Rxa6 e5 
32. Be3 Qe4 33. Nc5 Qb4 34. Nd7 d4 35. Bd2 Qb2 36. Nxf8 Bg5 37. Ng6 Kh7 38. Rc8 
1-0

[Event "34th Chess Olympiad (men)"]
[Site "Istanbul"]
[Date "2000.11.05"]
[Round "8.44.1"]
[White "Cave, Christo"]
[Black "Nilssen, John Arni"]
[WhiteElo "2296"]
[BlackElo "2354"]
[WhiteCountry "TRI"]
[BlackCountry "FAI"]
[Result "0-1"]

1. e4 c5 2. Nf3 Nc6 3. d4 cxd4 4. Nxd4 e5 5. Nb5 d6 6. N1c3 a6 7. Na3 b5 
8. Nd5 Nge7 9. c3 Nxd5 10. Qxd5 Bb7 11. Nc2 Nd4 12. Qxb7 Nxc2+ 13. Kd1 Nxa1 
14. Qc6+ Ke7 15. Qb7+ Kf6 16. h4 Be7 17. Rh3 Ke6 18. Rd3 f6 19. g3 Kf7 
20. Qd5+ Kf8 21. Bh3 Rb8 22. Bf5 Qc7 23. Be3 Qc4 24. Kc1 Qxd5 25. exd5 Bd8 
26. Bd2 Bb6 27. Rf3 Ke7 28. Kb1 a5 29. Kxa1 Bc5 30. g4 g6 31. Be6 h5 32. g5 f5 
33. Kb1 b4 34. Be1 Rb7 35. Kc2 Rhb8 36. Kc1 b3 37. a4 Rc7 38. Rd3 Bb6 
39. c4 Rxc4+ 40. Kb1 Bd4 41. Bxa5 Rxa4 42. Bc3 Rba8 43. Kc1 Rc4 44. Kb1 Bxc3 
0-1

[Event "34th Chess Olympiad (men)"]
[Site "Istanbul"]
[Date "2000.11.05"]
[Round "8.44.2"]
[White "Rodgaard, John"]
[Black "Merrit, Mario"]
[WhiteElo "2351"]
[BlackElo "2159"]
[WhiteCountry "FAI"]
[BlackCountry "TRI"]
[Result "1-0"]

1. c4 c5 2. Nf3 Nc6 3. d4 cxd4 4. Nxd4 g6 5. e4 Bg7 6. Be3 d6 7. Nc3 Nf6 
8. Be2 O-O 9. O-O a6 10. f3 Rb8 11. Qd2 Bd7 12. Rfd1 Ne8 13. Nb3 b6 14. Rac1 f5 
15. exf5 gxf5 16. c5 bxc5 17. Nxc5 a5 18. Qd5+ Kh8 19. Nxd7 Qxd7 20. Bb5 Rc8 
21. Na4 Nf6 22. Qb3 Qe8 23. Nb6 Rc7 24. Qa4 Rg8 25. Rxc6 Rxc6 26. Bxc6 Qg6 
27. Qc2 Nh5 28. Nd5 Qe6 29. Qd2 Rc8 30. Bb5 Nf6 31. Nxf6 Qxf6 32. Bd4 e5 
33. Bc3 Bf8 34. a4 Qh4 35. f4 Bh6 36. Qxd6 Rxc3 37. Qxe5+ Kg8 38. Qe6+ 
1-0

[Event "34th Chess Olympiad (men)"]
[Site "Istanbul"]
[Date "2000.11.05"]
[Round "8.44.3"]
[White "Harper, Ryan"]
[Black "Olsen, Heini"]
[WhiteElo "2122"]
[BlackElo "2313"]
[WhiteCountry "TRI"]
[BlackCountry "FAI"]
[Result "1/2-1/2"]

1. e4 c6 2. d4 d5 3. Nc3 dxe4 4. Nxe4 Nd7 5. Ng5 Ngf6 6. Bd3 e6 7. Qe2 Bd6 
8. N1f3 h6 9. Ne4 Nxe4 10. Qxe4 Nf6 11. Qe2 Qc7 12. Bd2 b6 13. O-O-O Bb7 
14. Kb1 O-O-O 15. c4 c5 16. Bc3 Rhe8 17. Rhe1 Kb8 18. a3 Bc6 19. Bc2 Qb7 
20. dxc5 Bxc5 21. Be5+ Ka8 22. b4 Rxd1+ 23. Rxd1 Be7 24. Nd4 Be4 25. Bxe4 Nxe4 
26. Nb5 Rc8 27. f3 Nf6 28. Qc2 a6 29. Nd4 b5 30. c5 Nd5 31. Rc1 f6 32. Bg3 e5 
33. Nb3 Ne3 34. Qe2 Nc4 35. Nd2 Nxa3+ 36. Ka2 Nc4 37. Nxc4 bxc4 38. Qxc4 Qc6 
39. Kb3 Rb8 40. Ra1 Rb5 41. Qe4 Qxe4 42. fxe4 Bxc5 43. Kc4 Rxb4+ 44. Kxc5 Rxe4 
45. Rxa6+ Kb7 46. Re6 Rg4 47. Re7+ Ka6 48. Kc6 Rc4+ 49. Kd5 Rg4 50. Ke6 h5 
51. Kf5 Rg5+ 52. Ke4 h4 53. Bxh4 Rg4+ 54. Kf5 Rxh4 55. Rxg7 Rxh2 56. Kxf6 e4 
57. g4 e3 58. Re7 e2 59. Kg5 Kb6 60. Kf4 Kc6 61. Kg3 Kd6 62. Re3 Rh8 
63. Rxe2 Rg8 64. Re4 Kd5 65. Re7 Kd6 66. Rf7 Ke6 67. Rf5 Ke7 68. Kh4 Rh8+ 
69. Kg5 Rg8+ 70. Kf4 Rf8 71. Rxf8 Kxf8 72. Kf5 Kf7 73. Kg5 
1/2-1/2

[Event "34th Chess Olympiad (men)"]
[Site "Istanbul"]
[Date "2000.11.05"]
[Round "8.44.4"]
[White "Naes, Flovin Tor"]
[Black "Yee, Frank"]
[WhiteElo "2271"]
[BlackElo "2169"]
[WhiteCountry "FAI"]
[BlackCountry "TRI"]
[Result "1-0"]

1. Nf3 Nf6 2. g3 d5 3. Bg2 c5 4. d4 Nc6 5. O-O cxd4 6. Nxd4 e5 7. Nxc6 bxc6 
8. c4 Be6 9. Nc3 Qd7 10. Qa4 Rc8 11. cxd5 cxd5 12. Qxd7+ Kxd7 13. Rd1 d4 
14. e3 Bc5 15. exd4 exd4 16. Be3 Ke7 17. Bxd4 Rhd8 18. Bxc5+ Rxc5 19. Rxd8 Kxd8 
20. Rd1+ Kc7 21. Rd4 Nd7 22. Kf1 Ne5 23. Bd5 Bf5 24. Ke2 f6 25. Be4 Nc6 
26. Ra4 Bxe4 27. Rxe4 f5 28. Re8 Kd6 29. Rg8 Re5+ 30. Kd3 Re7 31. f4 g6 
32. Kc4 Rb7 33. Nb5+ Ke6 34. b3 Rd7 35. Rc8 Ne7 36. Ra8 Rd2 37. Nd4+ Kf7 
38. Rxa7 Ke8 39. Ra8+ Kf7 40. Nf3 Rd6 41. Ng5+ Kg7 42. Ra7 Kf8 43. Nxh7+ Ke8 
44. Ng5 Rc6+ 45. Kb5 Rd6 46. a4 Rd5+ 47. Kc4 Rd2 48. Nf3 Rc2+ 49. Kd3 Rc8 
50. Ne5 Rd8+ 51. Kc2 Rc8+ 52. Kb2 Nd5 53. Rh7 Rc5 54. Nxg6 Nb4 55. Rh8+ Kd7 
56. Ne5+ Ke6 57. Nc4 Rd5 58. Rb8 Nd3+ 59. Kc3 Nc5 60. Re8+ Kf6 61. Re5 Ne4+ 
62. Kb4 Rd8 63. a5 Nf2 64. Kb5 Nd3 65. Re3 Rd5+ 66. Kb6 Nb4 67. Re1 Rd3 
68. Rb1 Nd5+ 69. Kc5 Nc3 70. Rb2 Ne4+ 71. Kc6 Ke6 72. a6 Rd5 73. a7 Rc5+ 
74. Kb6 Rc8 75. Kb7 Rd8 76. a8=Q Nc5+ 77. Ka7 
1-0

[Event "34th Chess Olympiad (men)"]
[Site "Istanbul"]
[Date "2000.11.05"]
[Round "8.45.1"]
[White "Kotronias, Vasilios"]
[Black "Al-Modiahki, Mohamad"]
[WhiteElo "2539"]
[BlackElo "2499"]
[WhiteCountry "CYP"]
[BlackCountry "QAT"]
[Result "1/2-1/2"]

1. e4 c5 2. Nf3 e6 3. d4 cxd4 4. Nxd4 Nc6 5. Nc3 Qc7 6. Be3 a6 7. Bd3 Nf6 
8. O-O b5 9. Nxc6 Qxc6 10. a3 Bb7 11. Qe2 Rc8 12. f4 h5 13. h3 h4 14. Rf3 Nh5 
15. Qf2 Be7 16. f5 e5 17. Nd5 Bd8 18. a4 bxa4 19. c4 Nf6 20. Qe1 O-O 21. Qb4 a5 
22. Nxf6+ Bxf6 23. Qxa5 Ra8 24. Qe1 Rfb8 25. Bf2 Ba6 26. Qc1 Rc8 27. Ra3 Rab8 
28. Qc2 
1/2-1/2

[Event "34th Chess Olympiad (men)"]
[Site "Istanbul"]
[Date "2000.11.05"]
[Round "8.45.2"]
[White "Al-Sayed, Mohammed"]
[Black "Antoniou, Antonis"]
[WhiteElo "2370"]
[BlackElo "2246"]
[WhiteCountry "QAT"]
[BlackCountry "CYP"]
[Result "1-0"]

1. e4 e5 2. Nf3 Nc6 3. Bc4 Nf6 4. d3 Bc5 5. c3 Bb6 6. O-O d6 7. Bb3 h6 
8. Nbd2 Ne7 9. Nc4 Ng6 10. h3 O-O 11. Re1 c6 12. Nxb6 axb6 13. d4 Qe7 
14. Nh2 b5 15. Nf1 Nh7 16. Qh5 Qf6 17. Nh2 Nf4 18. Bxf4 Qxf4 19. dxe5 dxe5 
20. Nf3 Re8 21. Rad1 Be6 22. Bxe6 Rxe6 23. Qf5 Rxa2 24. Rd8+ Nf8 25. Rb8 g6 
26. Qxf4 exf4 27. Rd1 Kg7 28. Rdd8 Nh7 29. e5 h5 30. Rxb7 g5 31. Rdd7 g4 
32. Rxf7+ Kg6 33. Nd4 Rxe5 34. Rg7+ Kh6 35. Rxh7+ Kg5 36. Rbg7+ 
1-0

[Event "34th Chess Olympiad (men)"]
[Site "Istanbul"]
[Date "2000.11.05"]
[Round "8.45.3"]
[White "Clerides, Paraskevas"]
[Black "Abdulgha Four, Yousef"]
[WhiteElo "2226"]
[BlackElo "2052"]
[WhiteCountry "CYP"]
[BlackCountry "QAT"]
[Result "1/2-1/2"]

1. e4 d5 2. exd5 Qxd5 3. Nc3 Qa5 4. d4 c6 5. Nf3 Nf6 6. Bc4 Bf5 7. O-O e6 
8. Re1 Nbd7 9. a3 Be7 10. Qe2 O-O 11. h3 Qc7 12. Bg5 Nb6 13. Bb3 Nfd5 
14. Nxd5 cxd5 15. Bxe7 Qxe7 16. Qe5 Qd7 17. g4 Bg6 18. h4 Rac8 19. Rac1 h6 
20. h5 Be4 21. Nd2 Bh7 22. f4 Qc7 23. Qxc7 Rxc7 24. g5 hxg5 25. fxg5 Bf5 
26. c3 Bg4 27. Bd1 Bxd1 28. Rcxd1 Nc4 29. Nxc4 Rxc4 30. Re3 b5 31. Rde1 Rc6 
32. Kg2 a5 33. g6 fxg6 34. Rxe6 Rxe6 35. Rxe6 Rf6 36. Re8+ Kf7 37. Rb8 gxh5 
38. Rxb5 a4 39. Rxd5 Kg6 40. Rb5 Re6 41. Rb4 Re2+ 42. Kf3 Rc2 43. d5 Kf5 
44. Rd4 Rxb2 45. d6 Rb8 46. c4 Ke6 47. c5 Kd7 48. Ke4 Kc6 49. Rd5 h4 
50. Kd4 Rh8 51. d7 Kc7 52. Kc4 h3 53. d8=Q+ Rxd8 54. Rh5 Kc6 55. Rxh3 Rd5 
1/2-1/2

[Event "34th Chess Olympiad (men)"]
[Site "Istanbul"]
[Date "2000.11.05"]
[Round "8.45.4"]
[White "Al-Haddad, Hussein"]
[Black "Papatryfonos, Constantinos"]
[WhiteElo "2000"]
[BlackElo "2000"]
[WhiteCountry "QAT"]
[BlackCountry "CYP"]
[Result "0-1"]

1. d4 f5 2. g3 Nf6 3. Bg2 g6 4. Nh3 Nc6 5. Nf4 Bg7 6. h4 d6 7. Nc3 O-O 
8. d5 Ne5 9. h5 Qe8 10. h6 Bh8 11. e3 c6 12. dxc6 bxc6 13. Nb5 Qf7 14. c3 Ne4 
15. Nd4 g5 16. Nd3 Bb7 17. Nxe5 dxe5 18. Nb3 Ba6 19. Qc2 Rad8 20. Bf1 Bxf1 
21. Kxf1 Qc4+ 22. Kg2 g4 23. Rd1 Rd6 24. Na5 Qe6 25. Rxd6 Qxd6 26. Qb3+ Rf7 
27. Nc4 Qxh6 28. Bd2 Qh3+ 29. Kg1 Ng5 30. f4 Nf3+ 31. Kf2 Qh2+ 32. Kf1 Nxd2+ 
33. Nxd2 Qh1+ 34. Kf2 Qxa1 
0-1

[Event "34th Chess Olympiad (men)"]
[Site "Istanbul"]
[Date "2000.11.05"]
[Round "8.46.1"]
[White "Mas, Hafizul Hilmi"]
[Black "Nsubuga, Grace"]
[WhiteElo "2441"]
[BlackElo "2259"]
[WhiteCountry "MAS"]
[BlackCountry "UGA"]
[Result "1-0"]

1. e4 e5 2. Nc3 Bc5 3. g3 Nf6 4. Bg2 d6 5. d3 O-O 6. Nf3 Nc6 7. Na4 Qe7 
8. O-O Bd7 9. c3 Rad8 10. b4 Bb6 11. Re1 h6 12. h3 Kh8 13. Bb2 Nh7 
14. Nxb6 axb6 15. b5 Na5 16. c4 f5 17. Nh4 Qg5 18. Nxf5 Bxf5 19. h4 Bg4 
20. hxg5 Bxd1 21. Raxd1 Nxg5 22. Bc1 Ne6 23. Be3 g5 24. Bh3 Nc5 25. Rd2 Kg7 
26. Kg2 Rf6 27. f4 gxf4 28. gxf4 Ne6 29. Bxe6 Rxe6 30. f5 Rf6 31. Rh1 Rh8 
32. Kf3 Kf7 33. Bg5 
1-0

[Event "34th Chess Olympiad (men)"]
[Site "Istanbul"]
[Date "2000.11.05"]
[Round "8.46.2"]
[White "Opio, Steven"]
[Black "Mok, Tze-Meng"]
[WhiteElo "2185"]
[BlackElo "2308"]
[WhiteCountry "UGA"]
[BlackCountry "MAS"]
[Result "0-1"]

1. d4 g6 2. Nf3 Bg7 3. Bf4 c5 4. c3 Qb6 5. Qc1 cxd4 6. cxd4 Nc6 7. e3 Nf6 
8. h3 d5 9. Nc3 Bf5 10. a3 O-O 11. g4 Be4 12. Nxe4 Nxe4 13. Bd3 Rac8 14. Qb1 f5 
15. g5 Na5 16. Qa2 Nb3 17. Rd1 Qa5+ 18. Ke2 Qa4 19. Rhe1 Rc2+ 20. Bxc2 Qc4+ 
21. Bd3 Nxd4+ 22. exd4 Qxa2 
0-1

[Event "34th Chess Olympiad (men)"]
[Site "Istanbul"]
[Date "2000.11.05"]
[Round "8.46.3"]
[White "Wong, Zi Jing"]
[Black "Kakooza, Kenneth"]
[WhiteElo "2300"]
[BlackElo "2200"]
[WhiteCountry "MAS"]
[BlackCountry "UGA"]
[Result "1/2-1/2"]

1. e4 c5 2. Nf3 e6 3. d4 cxd4 4. Nxd4 a6 5. Nc3 b5 6. Bd3 Bb7 7. O-O Qc7 
8. Kh1 Nc6 9. Be3 Nf6 10. Qe2 Nxd4 11. Bxd4 Bc5 12. Bxc5 Qxc5 13. e5 b4 
14. Nb1 Nd5 15. Qg4 Ne7 16. Nd2 O-O 17. Rae1 Ng6 18. f4 Rad8 19. Nf3 d6 
20. Ng5 dxe5 21. Bxg6 fxg6 22. Qxe6+ Kh8 23. Rxe5 Qxc2 24. Re2 Qd3 
1/2-1/2

[Event "34th Chess Olympiad (men)"]
[Site "Istanbul"]
[Date "2000.11.05"]
[Round "8.46.4"]
[White "Kantinti, Shadrack"]
[Black "Chuah, Jin Hai Jonath"]
[WhiteElo "2000"]
[BlackElo "2180"]
[WhiteCountry "UGA"]
[BlackCountry "MAS"]
[Result "0-1"]

1. e4 c5 2. Nf3 d6 3. d4 cxd4 4. Nxd4 Nf6 5. Nc3 a6 6. f3 e6 7. Be3 Be7 
8. g4 Qc7 9. Qd2 b5 10. O-O-O Bb7 11. Kb1 Nc6 12. Nxc6 Bxc6 13. h4 h5 
14. g5 Nd7 15. g6 fxg6 16. Qg2 Nf8 17. Bd3 Bf6 18. Ne2 Qf7 19. Qg3 e5 
20. Nc1 Rd8 21. Nb3 Ne6 22. Na5 Ba8 23. c4 O-O 24. cxb5 axb5 25. Bxb5 d5 
26. Nc6 Bxc6 27. Bxc6 d4 28. Bc1 Nc7 29. Ba4 Kh7 30. Bb3 Qe8 31. Rhg1 Rd6 
32. Rg2 Bd8 33. Rd3 Na6 34. Bd1 Nc5 35. Ra3 Bc7 36. b4 Rb6 37. Rb2 Ne6 
38. Rab3 Bd6 39. a3 Qd7 40. Rg2 Qf7 41. Rbb2 Ra8 42. Rb3 Rab8 43. Rgb2 Nc7 
44. Rd3 Nb5 45. Bd2 Qc4 46. f4 exf4 47. Qf3 Be5 48. Rc2 Nc3+ 49. Bxc3 dxc3 
50. Rdxc3 Bxc3 51. Rxc3 Qd4 52. Bc2 Qg1+ 53. Kb2 Qg4 54. e5 Qxh4 55. Rc7 Qg4 
56. Qc3 R8b7 57. Rc8 Re7 58. Rc5 f3 59. Bd1 Qg2+ 60. Bc2 Rbe6 61. Qd4 f2 
62. Qh4 Rxe5 63. Qxe7 Rxe7 64. Rxh5+ Kg8 65. Bb3+ Rf7 
0-1

[Event "34th Chess Olympiad (men)"]
[Site "Istanbul"]
[Date "2000.11.05"]
[Round "8.47.1"]
[White "Williams, Leighton"]
[Black "Simutowe, Amon"]
[WhiteElo "2317"]
[BlackElo "2322"]
[WhiteCountry "WLS"]
[BlackCountry "ZAM"]
[Result "0-1"]

1. d4 Nf6 2. c4 e6 3. Nc3 d5 4. cxd5 exd5 5. Bg5 Be7 6. e3 O-O 7. Bd3 h6 
8. Bh4 c6 9. Qc2 Re8 10. Nge2 Ne4 11. Bxe7 Qxe7 12. O-O f5 13. Rae1 Qg5 
14. Nf4 Nd7 15. f3 Nd6 16. Qb3 Nf6 17. Qb4 Nf7 18. g3 h5 19. Ng2 b6 20. a4 Bd7 
21. Bb1 Rac8 22. Qb3 Be6 23. a5 Nd6 24. axb6 axb6 25. Na4 Nc4 26. Qc3 Nd7 
27. Nf4 Bf7 28. e4 h4 29. Kg2 dxe4 30. fxe4 fxe4 31. Bxe4 hxg3 32. hxg3 Nf6 
33. Bf3 c5 34. dxc5 b5 35. b3 bxa4 36. bxc4 Qxc5 37. Rxe8+ Rxe8 38. Ra1 Re3 
39. Qd2 a3 40. Nd3 Qd4 41. Rxa3 Bxc4 42. Ra8+ Kh7 43. Ra4 Rxd3 44. Qc2 Qe3 
45. Be2 Qxg3+ 46. Kf1 Ne4 
0-1

[Event "34th Chess Olympiad (men)"]
[Site "Istanbul"]
[Date "2000.11.05"]
[Round "8.47.2"]
[White "Lungu, Nase"]
[Black "Dineley, Richard"]
[WhiteElo "2200"]
[BlackElo "2273"]
[WhiteCountry "ZAM"]
[BlackCountry "WLS"]
[Result "1/2-1/2"]

1. d4 Nf6 2. c4 e6 3. Nc3 Bb4 4. e3 O-O 5. Nge2 d5 6. a3 Be7 7. Ng3 c5 
8. cxd5 cxd4 9. exd4 Nxd5 10. Bc4 Nxc3 11. bxc3 Nd7 12. O-O Nf6 13. Qf3 Qc7 
14. Bd3 Bd7 15. c4 Bc6 16. Qe2 Rfe8 17. f4 g6 18. Bb2 Bf8 19. h3 Bg7 
20. Qf2 Rad8 21. Rab1 Rf8 22. f5 Bd7 23. fxe6 fxe6 24. Qe3 Bc8 25. Rf2 Rde8 
26. Rbf1 b6 27. Qg5 Nd7 28. Bxg6 hxg6 29. Qxg6 Re7 30. Nh5 Rxf2 31. Rxf2 Qxc4 
32. d5 e5 33. Nxg7 Rxg7 34. Qe8+ Kh7 35. Qh5+ Kg8 36. Qe8+ Kh7 37. Rf5 Nf6 
38. Rxf6 Qe2 39. Rf2 Qe1+ 40. Rf1 Qe2 41. Rf2 
1/2-1/2

[Event "34th Chess Olympiad (men)"]
[Site "Istanbul"]
[Date "2000.11.05"]
[Round "8.47.3"]
[White "Zeidler, Sven P"]
[Black "Phiri, Payani"]
[WhiteElo "2255"]
[BlackElo "2114"]
[WhiteCountry "WLS"]
[BlackCountry "ZAM"]
[Result "0-1"]

1. e4 c5 2. Nc3 e6 3. f4 d5 4. Bb5+ Bd7 5. Bxd7+ Qxd7 6. d3 Nc6 7. Nf3 Nge7 
8. Qe2 Nd4 9. Qf2 Nec6 10. O-O Nxf3+ 11. Qxf3 O-O-O 12. Ne2 f5 13. c3 Be7 
14. Be3 d4 15. cxd4 cxd4 16. Bd2 Kb8 17. Rac1 Rc8 18. a3 Rhd8 19. b4 a6 
20. Rc4 g6 21. Rfc1 fxe4 22. Qxe4 Qd5 23. Ng3 Qxe4 24. Nxe4 Ka7 25. a4 Rd5 
26. Be1 Rf8 27. g3 e5 28. Nc5 Bxc5 29. Rxc5 Rxc5 30. Rxc5 exf4 31. b5 axb5 
32. axb5 Kb6 33. Rg5 Na7 34. Bb4 Rf5 35. Rxf5 gxf5 36. Kf2 Kxb5 37. Bf8 Ka4 
38. Kf3 fxg3 39. Kxg3 Kb3 40. Kf4 Kc3 41. Kxf5 Kxd3 42. h4 Nc6 43. h5 Kc2 
44. Kf6 d3 45. Bh6 b5 46. Kg7 b4 47. Kxh7 b3 
0-1

[Event "34th Chess Olympiad (men)"]
[Site "Istanbul"]
[Date "2000.11.05"]
[Round "8.47.4"]
[White "Mbambara, Tizenge"]
[Black "Binks, Michael"]
[WhiteElo "2122"]
[BlackElo "2155"]
[WhiteCountry "ZAM"]
[BlackCountry "WLS"]
[Result "0-1"]

1. d4 d5 2. Nf3 Nf6 3. c4 c6 4. Nc3 dxc4 5. a4 Bf5 6. e3 e6 7. Bxc4 Bb4 
8. O-O Nbd7 9. Qe2 O-O 10. e4 Bg4 11. Rd1 Qa5 12. h3 Bh5 13. g4 Bg6 14. Bd2 Qd8 
15. e5 Ne8 16. Bg5 Be7 17. Be3 Nc7 18. Nh2 Nb6 19. Bb3 Nbd5 20. f4 f5 
21. g5 Qd7 22. Rac1 Rfd8 23. Kh1 Qe8 24. Nxd5 Nxd5 25. Bxd5 Rxd5 26. Qc4 Qd7 
27. Nf1 Rd8 28. Rd2 Qc7 29. Bf2 Qa5 30. Rdc2 Bf7 31. Kg2 Qb4 32. Qa2 Qa5 
33. Rc4 R5d7 34. b3 Qd5+ 35. Kg3 Bh5 36. R1c3 c5 37. dxc5 Qd1 38. Kg2 Rd3 
39. Rxd3 Rxd3 40. Qc2 Qf3+ 41. Kg1 Be8 42. Ne3 Bc6 43. Kh2 Be4 44. Rxe4 fxe4 
45. Ng2 Rc3 46. Qd2 Qxh3+ 47. Kg1 Qd3 48. Qe1 Rc2 49. b4 Re2 50. Qf1 Rb2 
51. Qe1 Rb1 52. Qxb1 Qxb1+ 53. Be1 a5 
0-1

[Event "34th Chess Olympiad (men)"]
[Site "Istanbul"]
[Date "2000.11.05"]
[Round "8.48.1"]
[White "Gwaze, Robert"]
[Black "Cueto, Johnny"]
[WhiteElo "2256"]
[BlackElo "2389"]
[WhiteCountry "ZIM"]
[BlackCountry "BOL"]
[Result "1-0"]

1. e4 e5 2. Nf3 f5 3. Nc3 fxe4 4. Nxe5 Nf6 5. Bc4 Qe7 6. Ng4 c6 7. Nxf6+ gxf6 
8. Qh5+ Kd8 9. O-O d5 10. Bb3 Qg7 11. Bxd5 cxd5 12. Qxd5+ Qd7 13. Qxe4 Qf5 
14. Qd4+ Nd7 15. d3 b6 16. Bf4 Bb7 17. Rae1 Bc5 18. Qa4 h5 19. Nb5 Bc6 
20. Bc7+ Kc8 21. Nd6+ Kxc7 22. Qxc6+ Kxc6 23. Nxf5 Rhe8 24. Ng7 Rg8 
25. Re6+ Kc7 26. Nxh5 Raf8 27. Nf4 Rg4 28. Re4 Rfg8 29. h3 Rxf4 30. Rxf4 b5 
31. Re1 Bd6 32. Rf5 a6 33. h4 b4 34. Re4 Rh8 35. Rd4 Rd8 
1-0

[Event "34th Chess Olympiad (men)"]
[Site "Istanbul"]
[Date "2000.11.05"]
[Round "8.48.2"]
[White "Zambrana, Oswaldo"]
[Black "Mauwa, Tedmore"]
[WhiteElo "2253"]
[BlackElo "2190"]
[WhiteCountry "BOL"]
[BlackCountry "ZIM"]
[Result "1-0"]

1. e4 c5 2. Nf3 Nc6 3. d4 cxd4 4. Nxd4 g6 5. Nc3 Bg7 6. Be3 Nf6 7. Bc4 O-O 
8. O-O Nxe4 9. Nxe4 d5 10. Nxc6 bxc6 11. Bd3 dxe4 12. Bxe4 Qc7 13. c3 Rb8 
14. Qe2 c5 15. g3 Rb6 16. Rfd1 Ba6 17. Qc2 Rfb8 18. b4 cxb4 19. Bxb6 Rxb6 
20. cxb4 Qxc2 21. Rd8+ Bf8 22. Bxc2 Rxb4 23. Rb1 Rxb1+ 24. Bxb1 Bc4 25. Rc8 Bb5 
26. Ra8 a6 27. Be4 Bc4 28. a4 e6 29. Bg2 Kg7 30. Bf1 Bd5 31. Rxa6 Bc5 
32. Bg2 Bb3 33. Ra8 Kf6 34. a5 h5 35. a6 Bc4 36. Rc8 Bxf2+ 37. Kxf2 Bxa6 
38. Rc7 Bd3 39. Ke3 Bf5 40. h4 Bb1 41. Bc6 Ba2 42. Be8 e5 43. Bb5 g5 44. Bc4 e4 
45. Kxe4 
1-0

[Event "34th Chess Olympiad (men)"]
[Site "Istanbul"]
[Date "2000.11.05"]
[Round "8.48.3"]
[White "Mamombe, Kudzanai"]
[Black "Ferrufino, Boris"]
[WhiteElo "2147"]
[BlackElo "2146"]
[WhiteCountry "ZIM"]
[BlackCountry "BOL"]
[Result "0-1"]

1. e4 c5 2. Nf3 d6 3. d4 cxd4 4. Nxd4 Nf6 5. Nc3 e5 6. Nb3 Be6 7. f3 Be7 
8. Be3 O-O 9. Qd2 a5 10. a4 Nc6 11. g4 d5 12. g5 d4 13. gxf6 Bxf6 14. Nb5 Bxb3 
15. Bf2 Bg5 16. Qd1 Be6 17. h4 Bh6 18. Bd3 Nb4 19. Bg3 f6 20. Rf1 Rc8 
21. f4 Qe7 22. Rf2 Nxd3+ 23. Qxd3 Bc4 24. Qf3 Bxb5 25. axb5 Qb4+ 26. Kf1 Qxb5+ 
27. Kg2 b6 28. Ra3 exf4 29. Bxf4 Bxf4 30. Qxf4 Qe5 31. Qg4 Rce8 32. Rf4 h5 
33. Qf3 Rc8 34. c3 dxc3 35. Rxc3 Rxc3 36. bxc3 Rc8 37. Rf5 Qxc3 38. Qxh5 Qc2+ 
39. Kg3 Qxe4 40. Rf4 Rc3+ 41. Kg4 Qe2+ 
0-1

[Event "34th Chess Olympiad (men)"]
[Site "Istanbul"]
[Date "2000.11.05"]
[Round "8.48.4"]
[White "Campero, Ronald"]
[Black "Mangwengwende, John"]
[WhiteElo "2000"]
[BlackElo "2170"]
[WhiteCountry "BOL"]
[BlackCountry "ZIM"]
[Result "0-1"]

1. e4 e5 2. d4 exd4 3. Qxd4 Nc6 4. Qe3 Nf6 5. Nc3 Bb4 6. Bd2 O-O 7. O-O-O Re8 
8. Bc4 Ne5 9. Be2 Ng6 10. f4 Bxc3 11. Bxc3 Nxe4 12. Bd4 d5 13. h4 Qd6 
14. h5 Nxf4 15. Rf1 Nxg2 16. Qf3 Qh6+ 
0-1

[Event "34th Chess Olympiad (men)"]
[Site "Istanbul"]
[Date "2000.11.05"]
[Round "8.49.1"]
[White "Carrera, Alhan"]
[Black "Guillen, Ramirez Jose Antonio"]
[WhiteElo "2135"]
[BlackElo "2281"]
[WhiteCountry "PAN"]
[BlackCountry "HON"]
[Result "0-1"]

1. d4 Nf6 2. c4 e6 3. Nc3 Bb4 4. Qc2 c5 5. Nf3 b6 6. e4 Nc6 7. d5 Nd4 
8. Qd3 exd5 9. cxd5 O-O 10. Nxd4 cxd4 11. Qxd4 Bc5 12. Qd3 Ng4 13. Be3 Bxe3 
14. fxe3 Qh4+ 15. g3 Qh6 16. Nd1 d6 17. h3 Ne5 18. Qe2 Bg4 19. hxg4 Qxh1 
20. Qg2 Qxg2 21. Bxg2 Nxg4 22. Bh3 Ne5 23. Ke2 Rfe8 24. Rc1 Re7 25. Nf2 g6 
26. b3 Kg7 27. g4 Kf6 28. Rg1 Rc7 29. g5+ Kg7 30. Kd1 a5 31. Rf1 a4 32. b4 Rc3 
33. Ng4 Nxg4 34. Bxg4 Rxe3 35. Rf4 Re8 36. Bf3 Ra3 37. Ke2 Rxa2+ 38. Kd3 a3 
39. Bg4 Rg2 40. Bd7 Re7 41. Bc6 a2 42. Rf1 Ra7 43. Ra1 Rb2 44. Kc4 Rb1 
45. Rxa2 Rxa2 46. Kb5 Rab2 47. Kxb6 Rxb4+ 48. Kc7 Rxe4 49. Kxd6 Rg4 
50. Kc7 Rxg5 51. d6 Rc5 52. d7 Rd1 53. Kb6 Rxc6+ 54. Kxc6 Kf6 
0-1

[Event "34th Chess Olympiad (men)"]
[Site "Istanbul"]
[Date "2000.11.05"]
[Round "8.49.2"]
[White "Medina Colindres, Javier"]
[Black "Cedeno, Ahmed"]
[WhiteElo "2000"]
[BlackElo "2095"]
[WhiteCountry "HON"]
[BlackCountry "PAN"]
[Result "1-0"]

1. d4 Nf6 2. Nc3 d5 3. Bg5 e6 4. e4 dxe4 5. Nxe4 Be7 6. Bxf6 Bxf6 7. Nf3 Nd7 
8. Bd3 b6 9. Qe2 Be7 10. O-O-O Bb7 11. h4 h6 12. c4 Qc8 13. d5 exd5 
14. cxd5 Kf8 15. g4 Nc5 16. Nxc5 Bxc5 17. Ne5 Qd8 18. Rhe1 Bd6 19. Qf3 Bxe5 
20. Rxe5 Qd6 21. Rf5 f6 22. g5 hxg5 23. hxg5 Kf7 24. Rg1 Raf8 25. Qe4 Rfg8 
26. g6+ Kf8 27. Re1 Qd8 28. Qe6 
1-0

[Event "34th Chess Olympiad (men)"]
[Site "Istanbul"]
[Date "2000.11.05"]
[Round "8.49.3"]
[White "Gardellini, Arnulfo"]
[Black "Hernandez Lagos, Hector"]
[WhiteElo "2000"]
[BlackElo "2000"]
[WhiteCountry "PAN"]
[BlackCountry "HON"]
[Result "1/2-1/2"]

1. d4 Nf6 2. c4 g6 3. Nc3 Bg7 4. e4 d6 5. f4 c5 6. d5 e6 7. Be2 exd5 
8. cxd5 Qe7 9. Nf3 O-O 10. Nd2 a6 11. a4 Nbd7 12. O-O Ne8 13. Re1 Qd8 
14. Nf3 Nc7 15. Bd3 Re8 16. Qc2 Rb8 17. a5 b5 18. axb6 Nxb6 19. Bd2 c4 
20. Bf1 Nb5 21. Ra2 Nd4 22. Nxd4 Bxd4+ 23. Be3 Qf6 24. Qf2 Bxe3 25. Qxe3 Qd8 
26. Qd4 Bb7 27. Bxc4 Nxc4 28. Qxc4 Qb6+ 29. Kh1 Qf2 30. Rf1 Rbc8 31. Qd3 Rxc3 
32. Qb1 Qxf1+ 33. Qxf1 Re3 34. h3 R3xe4 35. Ra1 Bxd5 36. Qxa6 Re2 37. Rg1 Rd2 
38. Qa5 Ree2 39. b4 Be4 40. Qd8+ Kg7 41. Qg5 h6 42. Qg3 d5 43. b5 d4 44. b6 Rb2 
45. f5 Bxf5 46. Rf1 Be6 47. Qf3 d3 48. Qf6+ Kh7 49. Qe7 
1/2-1/2